| 000 | 00481nam a2200169 i 4500 | ||
|---|---|---|---|
| 001 | 128921 | ||
| 003 | ES-MaACL | ||
| 005 | 20230906193408.0 | ||
| 007 | t| | ||
| 008 | 070530s1960 sp ||||1| spa d | ||
| 100 | 1 |
_aTejado Fernández, M. _9109564 |
|
| 245 | 1 | 0 |
_aHistoria del Comercio / _cM. Tejado Fernández. |
| 250 | _a3ª ed. rev. | ||
| 260 |
_aZaragoza : _b[Imp. Libreria General], _c1960. |
||
| 300 |
_a359 p. : _bil. ; _c21 cm. |
||
| 852 |
_aES-MaACL _jC-19067 _bR.46697 |
||
| 999 |
_c128921 _d128921 |
||